Juan Gualberto Gómez Airport Destinations (Varadero, Cuba) - Map - Statistics

General Stats
  • This quiz has been taken 14 times
  • The average score is 8 of 8
Answers on the Map
Answers color-coded by a green-red scale on the quiz's map according to % correct below.
 
Answer Stats
Destination % Correct
Calgary
100%
Halifax
100%
Miami
100%
Montréal (Trudeau)
100%
Québec City
100%
Toronto (Pearson)
100%
Lisbon
92%
Moncton
67%
No matching quizzes found
Score Distribution
Percent of People with Each Score
Percentile by Number Answered
Your Score History
You have not taken this quiz